| 000 | 00704nas a2200253 4500 | ||
|---|---|---|---|
| 001 | BR7600232 | ||
| 003 | BR-BrBNA | ||
| 005 | 20231205082858.0 | ||
| 007 | ta | ||
| 008 | 230509b bl.|||p| |||| 00| 00por d | ||
| 040 |
_aBR-BrBNA _bpor _cBiblioteca Nacional de Agricultura |
||
| 041 | _a(Pt) | ||
| 072 | _aE70; N10 | ||
| 100 | 1 | _aTavares, P. | |
| 245 | 1 | _aTerminal acucareiro do porto de Maceio, Alagoas [Brasil] | |
| 650 | _aACUCAR | ||
| 650 | _aEMBARQUE | ||
| 650 | _aDESEMBARQUE | ||
| 650 | _aPORTO | ||
| 650 | _aALAGOAS | ||
| 773 | 0 |
_tBrasil Acucareiro (Brazil) _xISSN 0006-9167 _g(Mar 1975), v. 85(3) p. 11-23 _wBR7600232 |
|
| 909 |
_a202311 _bLúcia _c55 _dLúcia Elande |
||
| 942 |
_2AGRIS _n0 _cANA |
||
| 999 |
_c94796 _d94796 |
||